| 000 | 00371cam a2200145ua 4500 | ||
|---|---|---|---|
| 003 | OSt | ||
| 008 | 231113b |||||||| |||| 00| 0 eng d | ||
| 041 | _aeng | ||
| 082 |
_a823.301 _bMAN/TW |
||
| 100 |
_aMankekar. D.R, . _95575 |
||
| 245 | _aTwenty twoFateful days: Pakistan cut to size / | ||
| 260 |
_aBombay _bmaniktralas , _c1960. |
||
| 300 | _a228 ; . | ||
| 942 | _cBK | ||
| 999 |
_c17784 _d17784 |
||